10 najstarszych miast w Polsce - Statystyki

Ogólne statystyki
  • Ten quiz został rozwiązany 43 razy
  • Średni wynik to 3 z 10
Statystyki odpowiedzi
data województwo miasto % Poprawnych
przed 1217 Opolskie Opole
87%
przed 1211 Dolnośląskie Złotoryja
54%
1223 Opolskie Nysa
44%
ok. 1217 Śląskie Racibórz
28%
przed 1223 Śląskie Cieszyn
21%
przed 1223 Dolnośląskie Środa Śląska
15%
przed 1217 Wielkopolskie Lwówek
13%
1217 Opolskie Leśnica
5%
1221 Dolnośląskie Sobótka
5%
1223 Opolskie Ujazd
5%
Nie znaleziono quizów pasujących do podanych kryteriów
Rozkład punktacji
Procent ludzi z każdym wynikiem
Percentyl według liczby udzielonych odpowiedzi
Twoja historia wyników
Nie rozwiązałeś tego quizu